MESTSKÁ KNIŽNICA GIRALTOVCE  - online katalóg 

Händel (Record no. 15123)

000 -NÁVESTIE
fixed length control field 01111nam a2200349 a 4500
008 - ÚDAJE S PEVNOU DĹŽKOU – VŠEOBECNÉ INFORMÁCIE
fixed length control field 030617s1959||||xo 0 slo c
040 ## - ZDROJ KATALOGIZÁCIE
Pôvodná katalogizujúca agentúra SNK
Jazyk katalogizácie slo
Prepisujúca agentúra SNK
Konvencie popisu AACR2
041 1# - KÓD JAZYKA
Kód jazyka textu/zvukovej stopy alebo samostatných nápisov slo
044 ## - KÓD KRAJINY VYDAVATEĽA/PRODUCENTA
Kód krajiny MARC xo
Kód krajiny ISO SK
072 #7 - KÓD PREDMETOVEJ KATEGÓRIE
Kód predmetovej kategórie 78
Zdroj SNK
080 ## - ČÍSLO MEDZINÁRODNÉHO DESATINNÉHO TRIEDENIA (MDT)
Číslo Medzinárodného desatinného triedenia (MDT) 785.7
080 ## - ČÍSLO MEDZINÁRODNÉHO DESATINNÉHO TRIEDENIA (MDT)
Číslo Medzinárodného desatinného triedenia (MDT) (086.86)
080 ## - ČÍSLO MEDZINÁRODNÉHO DESATINNÉHO TRIEDENIA (MDT)
Číslo Medzinárodného desatinného triedenia (MDT) 785.7:787.11(086.76)
020 ## - MEDZINÁRODNÉ ŠTANDARDNÉ ČÍSLO KNIHY (ISBN)
Údaje o dostupnosti 3,12
100 1# - OSOBNÉ MENÁ – VŠEOBECNÉ INFORMÁCIE
Osobné meno Siegmund-Schultze, Walther
Dátumy súvisiace s menom 1685-1759
Kód roly cmp
245 10 - NÁZOV
Názov Händel
Médium zvukový dokument
Zvyšok názvu 12 Concerti grossi, Op. 6
Údaj o zodpovednosti atď. Georg Friedrich Händel
Číslo časti diela 1-3
260 ## - VYDAVATEĽSKÉ ÚDAJE, DISTRIBÚCIA ATĎ.
Miesto publikovania, distribúcie atď. Bratislava
Názov vydavateľa, distibútora atď. SVKL
Dátum publikovania, distribúcie atď. 1959
300 ## - FYZICKÝ POPIS
Rozsah 3 kompaktné platne
Ďalšie fyzické detaily stereo
500 ## - VŠEOBECNÁ POZNÁMKA
Formátovaná poznámka o obsahu Foto Robert Paršo
505 0# - FORMÁTOVANÁ POZNÁMKA O OBSAHU
Formátovaná poznámka o obsahu Obsahuje 18 diel
511 ## -
-- Bohdan Warchal, dirigent
511 ## -
-- Účinkuje Slovak Chamber Orchestra
650 07 - PRIDANÝ VSTUP – PREDMET – TEMATICKÉ HESLO
Tematické heslo alebo geografický názov ako vstupný prvok komorná hudba
Zdroj hesla alebo termínu SNK
650 07 - PRIDANÝ VSTUP – PREDMET – TEMATICKÉ HESLO
Tematické heslo alebo geografický názov ako vstupný prvok komorná hudba
Všeobecný pododdiel orchestrálna hudba
-- platne kompaktné
Zdroj hesla alebo termínu SNK
650 07 - PRIDANÝ VSTUP – PREDMET – TEMATICKÉ HESLO
Tematické heslo alebo geografický názov ako vstupný prvok orchestrálna hudba
Všeobecný pododdiel platne kompaktné
Zdroj hesla alebo termínu SNK
650 07 - PRIDANÝ VSTUP – PREDMET – TEMATICKÉ HESLO
Tematické heslo alebo geografický názov ako vstupný prvok concerto grosso
Zdroj hesla alebo termínu SNK
650 07 - PRIDANÝ VSTUP – PREDMET – TEMATICKÉ HESLO
Tematické heslo alebo geografický názov ako vstupný prvok Hudba
Zdroj hesla alebo termínu SNK
700 1# - PRIDANÝ VSTUP – OSOBNÉ MENO
Osobné meno Warchal, Bohdan
Dátumy súvisiace s menom 1930-2000
Kód roly cnd
700 1# - PRIDANÝ VSTUP – OSOBNÉ MENO
Osobné meno Paršo, Robert
Kód roly pht
710 0# - PRIDANÝ VSTUP – KORPORATÍVNE MENO
Korporatívne meno alebo meno jurisdikcie ako vstupný prvok Slovenský komorný orchester
Kód roly prf
958 ## - Formálny deskriptor
Formálny deskriptor JDC
Holdings
Stav stiahnutia (Blokovanie) (Withrawn status) Stav straty Stav poškodenia (Damaged status) Nie pre výpožičky (Not for loan) Spôsob nadobudnutia (Collection code) Trvalé umiestnenie Aktuálne umiestnenie Dátum nadobudnutia Náklady, bežná kúpna cena Inventárne číslo (prírastkové číslo) Full call number Dátum posledného výskytu Cena s účinnosťou od Typ jednotky Koha
        Kúpa Mestská knižnica Giraltovce Mestská knižnica Giraltovce 2019-11-29 3.12 14160 I 0231 2019-11-29 2019-11-29 Odborná literatúra pre dospelých

Powered by Koha